000 00803nam a22002297a 4500
003 OSt
005 20250304095534.0
008 250304b |||||||| |||| 00| 0 eng d
020 _a9781472429964 (hardcover)
040 _aNUST
_beng
_cNUST
_dNUST
_erda
050 _aHD69.P75 PRI
100 _a Price, Martin
_eAuthor
245 _aThe single-minded project :
_bensuring the pace of progress /
_cMartin Price.
260 _aEngland :
_bGower Publishing Limited,
_c2014.
300 _axxxii, 186 pages :
_bIllustrations ;
_c25 cm.
336 _2rdamedia
_atext
_btxt
337 _2rdamedia
_aunmediated
_bn
338 _2rdamedia
_avolume
_bnc
504 _aIncludes bibliographical references and index.
650 _vProject management.
942 _2lcc
_cBOOKS
_hHD69.P75 PRI
_kHD
_mPRI
_n0
999 _c171380
_d171380